00821nam a2200229 a 450000100100000000500170001000800410002702000180006804000250008608200170011110000340012824501100016226000360027230000480030850000210035650400730037765000190045065000290046965000190049865100340051770000400055100000334120200929150421.0090708s2009 dr ab 001 0 spa d a9789945162905 aDO-SdBNPbspabBNPHU a551.6bR696c1 aRodríguez Morillo, Héctor13aEl clima y la República Dominicana /cHéctor Rodríguez Morillo, José Francisco Febrillet Huertas. aSanto Domingo :bBúho,c2009. avii, 206 p. :bil., diagrs., mapa ;c23 cm. aIncluye índice aIncluye referencias bibliográficas y notas al pie de las páginas 4aClimatología 4aCambios climatológicos 4aMeteorología 4aRepública DominicanaxClima1 aFebrillet Huertas, José Francisco